书目信息 |
| 题名: |
第三次革命
|
|
| 作者: | 卡斯特罗 著 | |
| 分册: | ||
| 出版信息: | 北京 世界知识出版社 1999.05 |
|
| 页数: | 200页 | |
| 开本: | 32开 | |
| 丛书名: | ||
| 单 册: | ||
| 中图分类: | D778.31 | |
| 科图分类: | ||
| 主题词: | 政治 | |
| 电子资源: | ||
| ISBN: | 7-5012-1169-8 | |
| 000 | 00575nam0 2200193 45 | |
| 001 | 0103221044 | |
| 005 | 20010322104616.1 | |
| 010 | @a7-5012-1169-8@d12.00元 | |
| 100 | @a20010322d1999 km y0chiy0120 ea | |
| 101 | 0 | @achi |
| 105 | @a z 000yy | |
| 200 | 1 | @a第三次革命@ADi San Ci Ge Ming@f(阿根廷)卡斯特罗著;徐世澄译@F(A Gen Ting)Ka Si Te Luo Zhu;Xu Shi Cheng Yi |
| 210 | @a北京@c世界知识出版社@d1999.05 | |
| 215 | @a200页@d32开 | |
| 606 | 0 | @a政治 |
| 690 | @aD778.31@v3 | |
| 701 | 0 | @a卡斯特罗@4著 |
| 801 | @aCN@bPftUser@c20010322 | |
| 905 | @b331303-305@dD778.31@eX123@f3 | |
| 第三次革命/(阿根廷)卡斯特罗著;徐世澄译.-北京:世界知识出版社,1999.05 |
| 200页;32开 |
| ISBN 7-5012-1169-8:12.00元 |
| ● |
| 相关链接 |
|
|
|
正题名:第三次革命
索取号:D778.31/X123
 
预约/预借
| 序号 | 登录号 | 条形码 | 馆藏地/架位号 | 状态 | 备注 |
| 1 | 331303 | 203313039 | 社科库509/509社科库 78排7列2层/ [索取号:D778.31/X123] | 在馆 | |
| 2 | 331304 | 203313048 | 社科库509/509社科库 78排7列2层/ [索取号:D778.31/X123] | 在馆 | |
| 3 | 331305 | 203313057 | 社科库509/509社科库 78排7列2层/ [索取号:D778.31/X123] | 在馆 |